00707nam a2200193 a 450000100060000000300090000600800410001502000150005604000280007108200170009910000380011624501080015426000750026230000100033749000560034765000240040365000430042765000430047010347CO-ViMGA141112s2004 ck r 000 u spa d a9586640183 aCO-ViMGAbspacCO-ViMGA04a986.016 A93e1 aAvellaneda Navas ; Jose Ignacio, 10aLa expedición de Gonzalo Jimenez de Quesada al mar del sur y la creación del Nuevo Reino de Granada aBogotá : bBanco de la República, cEditora Guadalupe Ltda, c1995 a369p. aColección Bibliográfica Banco de la República14aCOLOMBIA - HISTORIA14aDESCUBRIMIENTO Y CONQUISTA 1499 - 155014aJIMENEZ DE QUESADA GONZALO 1496 - 1579